| 000 | 00000nam##2200000za#4500 |
| 001 | 9.641659 |
| 003 | CaOODSP |
| 005 | 20210624223326 |
| 007 | cr ||||||||||| |
| 008 | 150407|1996||||xxc|||||o f|0| 0 fre|d |
| 040 | |aCaOODSP|bfre |
| 043 | |an-cn--- |
| 086 | 1 |aS41-1996-1F-PDF |
| 110 | 1 |aCanada. |bPatrimoine canadien. |
| 245 | 10|aSupplément au rapport annuel, 1995-1996, langues officielles : |h[ressource électronique]|bsommaire des états de réalisations 1995-1996 et des plans d'action 1996-1997 ou pluriannuels des ministères et organismes fédéraux clés visés par l'article 41 de la Loi sur les langues officielles |
| 260 | |aGatineau - Québec : |bPatrimoine canadien |cc1997. |
| 300 | |a95p. |
| 500 | |aLe n° de catalogue (S41-1996-1) et l'ISBN (0-662-62978-7) de l'édition imprimée bilingue ont été incorrectement copiés dans l'édition électronique. |
| 590 | |a13-10-Supp|b2013-04-13 |
| 691 | 07|aLangue officielle|2gcpds |
| 775 | 08|tSupplement to the annual report, 1995-96, official languages : |w(CaOODSP)9.697624 |
| 776 | 0#|tSupplement to the annual report, 1995-96, official languages : |w(CaOODSP)9.659327 |
| 776 | 0#|tSupplément au rapport annuel, 1995-1996, langues officielles : |w(CaOODSP)9.659328 |
| 856 | 40|ahttp://publications.gc.ca|qPDF|s284 Ko|uhttps://publications.gc.ca/collections/Collection/S41-1996-1F.pdf |